[Event "All China Games 3rd"]
[Site "Suzhou"]
[Date "2006.05.20"]
[Round "2"]
[White "Li, Zunian"]
[Black "Liang, Jinrong"]
[Result "1-0"]
[WhiteElo "2378"]
[BlackElo "2467"]
[PlyCount "111"]
[EventDate "2006.05.20"]
[EventType "swiss"]
[EventRounds "11"]
[EventCountry "CHN"]
[SourceTitle "CBM 112 Extra"]
[Source "ChessBase"]
[SourceDate "2006.07.14"]
[SourceVersion "1"]
[SourceVersionDate "2006.07.14"]
[SourceQuality "1"]

1. d4 d5 2. c4 e6 3. Nc3 Be7 4. Nf3 Nf6 5. Bg5 h6 6. Bxf6 Bxf6 7. e3 0-0 8. Rc1 c6 9. Bd3 Nd7 10. 0-0 dxc4 11. Bxc4 c5 12. Ne4 cxd4 13. Nxf6+ Nxf6 14. Qxd4 Qxd4 15. Nxd4 Bd7 16. Be2 Rac8 17. Nb5 Bxb5 18. Bxb5 Rfd8 19. Rxc8 Rxc8 20. Rd1 Kf8 21. Bd3 Ke7 22. Kf1 Ng4 23. Ke2 b6 24. h3 Ne5 25. Ba6 Rc5 26. a3 Ra5 27. Bd3 Rd5 28. f4 Nxd3 29. Rxd3 Kd6 30. b4 f5 31. Rc3 a5 32. bxa5 Rxa5 33. g4 Rc5 34. Rd3+ Rd5 35. gxf5 exf5 36. h4 Rxd3 37. Kxd3 Kd5 38. h5 b5 39. Kd2 Ke6 40. Kd3 Kf6 41. e4 fxe4+ 42. Kxe4 Ke6 43. f5+ Kf6 44. Kf4 Kf7 45. Ke5 Ke7 46. Kd5 Kf6 47. Kc5 Kg5 48. Kxb5 Kxh5 49. a4 Kg4 50. a5 Kxf5 51. a6 h5 52. a7 h4 53. a8Q Kg4 54. Qg2+ Kf4 55. Qxg7 h3 56. Qg1 1-0

[Event "Lee Cup 3rd"]
[Site "Beijing"]
[Date "1996.??.??"]
[Round "2"]
[White "Smirin, Ilia"]
[Black "Li, Zunian"]
[Result "1-0"]
[WhiteElo "2625"]
[BlackElo "2400"]
[PlyCount "83"]
[EventDate "1996.08.??"]
[EventType "swiss"]
[EventRounds "11"]
[EventCountry "CHN"]
[SourceTitle "CBM 054 Extra"]
[Source "ChessBase"]
[SourceDate "1996.11.01"]
[SourceVersion "1"]
[SourceVersionDate "1996.11.01"]
[SourceQuality "1"]

1. d4 d5 2. c4 e6 3. Nc3 Be7 4. cxd5 exd5 5. Qc2 Nf6 6. Bg5 c6 7. e3 Nbd7 8. Bd3 0-0 9. Nge2 Re8 10. 0-0 Nf8 11. f3 Be6 12. Rae1 Ng6 13. a3 Rc8 14. Kh1 a6 15. Na4 Rc7 16. b4 Bc8 17. Nf4 Nxf4 18. Bxf4 Bd6 19. Bg5 h6 20. Bh4 Be7 21. e4 dxe4 22. fxe4 b5 23. Nc5 Qxd4 24. Bg3 Ra7 25. e5 Ng4 26. e6 Bxe6 27. Nxe6 fxe6 28. Re4 Ne3 29. Rxd4 Nxc2 30. Bxc2 a5 31. Bb3 axb4 32. axb4 Kh8 33. Rc1 Rf8 34. Bxe6 Ra4 35. Rd7 Bf6 36. Bd6 Re8 37. Bf7 Re2 38. Bg6 Ra8 39. Bc5 Bg5 40. Rcd1 Re6 41. Bf5 Re5 42. Bg4 1-0

[Event "Lee Cup 3rd"]
[Site "Beijing"]
[Date "1996.??.??"]
[Round "8"]
[White "Yin, Hao"]
[Black "Li, Zunian"]
[Result "1/2-1/2"]
[WhiteElo "2320"]
[BlackElo "2400"]
[PlyCount "89"]
[EventDate "1996.08.??"]
[EventType "swiss"]
[EventRounds "11"]
[EventCountry "CHN"]
[SourceTitle "CBM 054 Extra"]
[Source "ChessBase"]
[SourceDate "1996.11.01"]
[SourceVersion "1"]
[SourceVersionDate "1996.11.01"]
[SourceQuality "1"]

1. e4 c5 2. c3 Nf6 3. e5 Nd5 4. d4 cxd4 5. Nf3 Nc6 6. cxd4 d6 7. Be2 dxe5 8. dxe5 g6 9. 0-0 Bg7 10. Bc4 Be6 11. Ng5 Nxe5 12. Nxe6 fxe6 13. Bb5+ Nc6 14. Qe2 Qd7 15. Na3 a6 16. Bxc6 Qxc6 17. Bg5 0-0 18. Rac1 Qd7 19. Nc4 b5 20. Ne3 Nf4 21. Qg4 h5 22. Qd1 Qxd1 23. Rcxd1 Bxb2 24. Bxe7 Rf7 25. Bd6 e5 26. g3 Ne2+ 27. Kg2 Bd4 28. Nc2 Nc3 29. Rd3 Nxa2 30. Nxd4 exd4 31. Ra1 Rd7 32. Rxd4 Rad8 33. Rxa2 Rxd6 34. Re4 Rb8 35. Re7 b4 36. Rc2 g5 37. Rcc7 Rg6 38. Ra7 g4 39. h4 a5 40. Rxa5 b3 41. Ra1 b2 42. Rb1 Rb3 43. Re2 Rgb6 44. Kg1 Kf7 45. Kg2 1/2-1/2

[Event "Lee Cup 2nd"]
[Site "Beijing"]
[Date "1995.??.??"]
[Round "6"]
[White "Xia, Yu"]
[Black "Li, Zunian"]
[Result "1/2-1/2"]
[WhiteElo "2365"]
[BlackElo "2400"]
[PlyCount "91"]
[EventDate "1995.08.??"]
[EventType "swiss"]
[EventRounds "11"]
[EventCountry "CHN"]
[SourceTitle "EXT 1997"]
[Source "ChessBase"]
[SourceDate "1996.11.15"]
[SourceVersion "1"]
[SourceVersionDate "1996.11.15"]
[SourceQuality "1"]

1. Nf3 c5 2. b3 Nf6 3. Bb2 e6 4. c4 b6 5. g3 Bb7 6. Bg2 Be7 7. 0-0 0-0 8. d4 cxd4 9. Nxd4 Bxg2 10. Kxg2 a6 11. e3 Qc7 12. Qf3 Nc6 13. Nd2 Ne5 14. Qe2 d6 15. e4 Nfd7 16. f4 Nc6 17. N2f3 Nxd4 18. Nxd4 Bf6 19. Rad1 Rfd8 20. f5 Bxd4 21. Rxd4 e5 22. Rd2 b5 23. Ba3 Nf6 24. Rfd1 bxc4 25. bxc4 Ne8 26. Rd5 h6 27. c5 dxc5 28. Rxc5 Qb6 29. Rxe5 Rxd1 30. Qxd1 Nf6 31. Qb3 Qd4 32. Re7 Rf8 33. Bb2 Qd2+ 34. Kf3 Qxh2 35. Bxf6 gxf6 36. Rd7 h5 37. Qd5 Qh3 38. Kf2 Qh2+ 39. Kf3 Qh3 40. Kf2 h4 41. gxh4 Qxh4+ 42. Kf3 Qh5+ 43. Kg3 Kg7 44. Rd8 Rxd8 45. Qxd8 Qe2 46. Qd5 1/2-1/2

[Event "Asia-chT fin 07th"]
[Site "Singapore"]
[Date "1987.08.11"]
[Round "7"]
[White "Li, Zunian"]
[Black "Chan, Peng Kong"]
[Result "1-0"]
[WhiteElo "2455"]
[BlackElo "2255"]
[PlyCount "59"]
[EventDate "1987.08.05"]
[EventType "team"]
[EventRounds "9"]
[EventCountry "SIN"]
[SourceTitle "EXT 1997"]
[Source "ChessBase"]
[SourceDate "1996.11.15"]
[SourceVersion "1"]
[SourceVersionDate "1996.11.15"]
[SourceQuality "1"]
[WhiteTeam "China"]
[BlackTeam "Singapore"]
[WhiteTeamCountry "CHN"]
[BlackTeamCountry "SIN"]

1. d4 Nf6 2. c4 e6 3. Nf3 c5 4. d5 exd5 5. cxd5 d6 6. Nc3 g6 7. Bf4 a6 8. Nd2 b5 9. e4 Bg7 10. Be2 0-0 11. 0-0 Qe7 12. Qc2 Ng4 13. Bg3 f5 14. Bxg4 fxg4 15. a4 b4 16. Nd1 Nd7 17. Nc4 Ne5 18. Nde3 h5 19. Bxe5 Bxe5 20. Nxe5 Qxe5 21. Nc4 Qf6 22. Rad1 Ra7 23. f4 gxf3 24. Rxf3 Qd8 25. Rxf8+ Kxf8 26. e5 Bf5 27. Qf2 Re7 28. e6 Kg7 29. Qg3 Bg4 30. Re1 1-0

[Event "CHN-chT"]
[Site "China"]
[Date "1987.??.??"]
[Round "?"]
[White "Yang, Xian"]
[Black "Li, Zunian"]
[Result "1-0"]
[WhiteElo "2305"]
[BlackElo "2450"]
[PlyCount "119"]
[EventDate "1987.??.??"]
[EventType "team"]
[EventRounds "9"]
[EventCountry "CHN"]
[SourceTitle "EXT 1997"]
[Source "ChessBase"]
[SourceDate "1996.11.15"]
[SourceVersion "1"]
[SourceVersionDate "1996.11.15"]
[SourceQuality "1"]

1. e4 e6 2. d4 d5 3. Nd2 c5 4. Ngf3 Nc6 5. exd5 exd5 6. Bb5 Bd6 7. dxc5 Bxc5 8. 0-0 Nge7 9. Nb3 Bd6 10. c3 0-0 11. Nbd4 Bg4 12. Qa4 Bh5 13. Re1 Qc7 14. Bf1 a6 15. g3 Rfe8 16. Bg2 b5 17. Qb3 Na5 18. Qd1 Rab8 19. Bg5 h6 20. Bxe7 Rxe7 21. Rxe7 Bxe7 22. Nf5 Rd8 23. Nxe7+ Qxe7 24. Qd4 Nc4 25. Re1 Qd6 26. b3 Bxf3 27. Bxf3 Nb6 28. Kg2 Kf8 29. Rd1 Rd7 30. a4 bxa4 31. bxa4 Qf6 32. Qb4+ Kg8 33. a5 Nc4 34. Rxd5 Rxd5 35. Bxd5 Ne5 36. Qb8+ Kh7 37. f4 Nc4 38. Qe8 Nxa5 39. Bxf7 Qc6+ 40. Qxc6 Nxc6 41. Kf3 g5 42. Be8 Ne7 43. Ke4 gxf4 44. gxf4 a5 45. Ke5 Kg7 46. f5 Nc8 47. c4 Nb6 48. c5 a4 49. f6+ Kf8 50. cxb6 a3 51. b7 a2 52. b8Q a1Q+ 53. Kf5 Qf1+ 54. Qf4 Qh3+ 55. Qg4 Qd3+ 56. Qe4 Qf1+ 57. Kg6 Qg1+ 58. Kh7 Qg8+ 59. Kxh6 Qe6 60. Bg6 1-0

[Event "CHN-chT"]
[Site "China"]
[Date "1987.??.??"]
[Round "?"]
[White "Ye, Jiangchuan"]
[Black "Li, Zunian"]
[Result "1/2-1/2"]
[WhiteElo "2505"]
[BlackElo "2450"]
[PlyCount "94"]
[EventDate "1987.??.??"]
[EventType "team"]
[EventRounds "9"]
[EventCountry "CHN"]
[SourceTitle "EXT 1997"]
[Source "ChessBase"]
[SourceDate "1996.11.15"]
[SourceVersion "1"]
[SourceVersionDate "1996.11.15"]
[SourceQuality "1"]

1. e4 e6 2. d3 d5 3. Nd2 c5 4. Ngf3 Nc6 5. g3 Nf6 6. Bg2 Be7 7. 0-0 b5 8. Re1 0-0 9. e5 Nd7 10. Nf1 b4 11. h4 a5 12. Bf4 a4 13. a3 bxa3 14. bxa3 Rb8 15. Ng5 h6 16. Nf3 Nd4 17. N1h2 Nf5 18. h5 Ba6 19. g4 Nh4 20. Nxh4 Bxh4 21. Nf3 Be7 22. Qc1 c4 23. d4 c3 24. Qe3 Rb2 25. Qxc3 Qb8 26. Bc1 Rb6 27. g5 Rc8 28. Qd2 hxg5 29. Nxg5 Qc7 30. Qf4 Bxg5 31. Qxg5 Qxc2 32. Be3 Qh7 33. Rac1 Bc4 34. h6 Nf8 35. hxg7 Qxg7 36. Qh4 Ng6 37. Qg4 Ne7 38. Bg5 Rb3 39. Kh2 Rxa3 40. Bh3 Ng6 41. Rh1 Rb8 42. Bg2 Rab3 43. f3 Nf8 44. Kg3 Bd3 45. Rh8+ Qxh8 46. Bf6+ Ng6 47. Bxh8 Kxh8 1/2-1/2

[Event "Olympiad-27"]
[Site "Dubai"]
[Date "1986.12.01"]
[Round "14"]
[White "Li, Zunian"]
[Black "Frois, Antonio"]
[Result "1-0"]
[WhiteElo "2270"]
[BlackElo "2270"]
[PlyCount "95"]
[EventDate "1986.11.15"]
[EventType "team-swiss"]
[EventRounds "14"]
[EventCountry "UAE"]
[SourceTitle "TD"]
[Source "ChessBase"]
[SourceDate "1994.03.01"]
[SourceVersion "1"]
[SourceVersionDate "1994.03.01"]
[SourceQuality "1"]
[WhiteTeam "China"]
[BlackTeam "Portugal"]
[WhiteTeamCountry "CHN"]
[BlackTeamCountry "POR"]

1. d4 Nf6 2. c4 d6 3. Nc3 e5 4. Nf3 Nbd7 5. g3 g6 6. Bg2 Bg7 7. 0-0 0-0 8. e4 c6 9. b3 exd4 10. Nxd4 Re8 11. h3 Nc5 12. Re1 a5 13. Bf4 a4 14. Rb1 axb3 15. axb3 Qe7 16. Nxc6 bxc6 17. Bxd6 Qa7 18. e5 Nfd7 19. Bxc6 Bb7 20. Bxc5 Nxc5 21. Bxe8 Rxe8 22. Nb5 Qb6 23. Qd6 Qc6 24. Qxc6 Bxc6 25. b4 Nd3 26. Re3 Nxe5 27. Nd4 Bb7 28. c5 Rd8 29. Nb3 Bc6 30. Na5 Bb5 31. Nb7 Rd2 32. Nd6 Bd3 33. Rbe1 Nc6 34. b5 Nd4 35. b6 Ba6 36. Ra3 Be2 37. b7 Rb2 38. Kg2 Bf8 39. Rxe2 Nxe2 40. Ra8 Nd4 41. b8Q Rxb8 42. Rxb8 Kg7 43. Rb7 Bxd6 44. cxd6 Kf6 45. g4 h6 46. Rb4 Nc6 47. Re4 Nd8 48. d7 1-0

[Event "Olympiad-27"]
[Site "Dubai"]
[Date "1986.11.21"]
[Round "6"]
[White "Li, Zunian"]
[Black "Gheorghiu, Florin"]
[Result "0-1"]
[WhiteElo "2270"]
[BlackElo "2520"]
[PlyCount "78"]
[EventDate "1986.11.15"]
[EventType "team-swiss"]
[EventRounds "14"]
[EventCountry "UAE"]
[SourceTitle "TD"]
[Source "ChessBase"]
[SourceDate "1994.03.01"]
[SourceVersion "1"]
[SourceVersionDate "1994.03.01"]
[SourceQuality "1"]
[WhiteTeam "China"]
[BlackTeam "Romania"]
[WhiteTeamCountry "CHN"]
[BlackTeamCountry "ROU"]

1. d4 Nf6 2. c4 c5 3. d5 d6 4. Nc3 g6 5. e4 Bg7 6. f4 0-0 7. Nf3 e6 8. Be2 exd5 9. e5 Ne4 10. cxd5 Nxc3 11. bxc3 Nd7 12. 0-0 dxe5 13. fxe5 Nxe5 14. Be3 Nxf3+ 15. Bxf3 Qd6 16. Qd2 Be5 17. h3 b6 18. Bh6 Re8 19. Rae1 Ba6 20. Be2 Bxe2 21. Rxe2 c4 22. Ref2 Re7 23. Kh1 Rae8 24. Bg5 Rd7 25. Re2 Qxd5 26. Qe3 Re6 27. Qc1 f6 28. Bh6 Qc5 29. Qe1 Rde7 30. Rd2 Rd6 31. Qe4 Qc6 32. Qe2 Rxd2 33. Qxd2 Qd7 34. Qf2 Qd3 35. Re1 Kf7 36. Re3 Qd1+ 37. Re1 Bg3 38. Qxf6+ Kxf6 39. Rxd1 Re1+ 0-1

[Event "Olympiad-27"]
[Site "Dubai"]
[Date "1986.11.19"]
[Round "5"]
[White "Garcia Gonzales, Guillermo"]
[Black "Li, Zunian"]
[Result "1-0"]
[WhiteElo "2535"]
[BlackElo "2270"]
[PlyCount "105"]
[EventDate "1986.11.15"]
[EventType "team-swiss"]
[EventRounds "14"]
[EventCountry "UAE"]
[SourceTitle "TD"]
[Source "ChessBase"]
[SourceDate "1994.03.01"]
[SourceVersion "1"]
[SourceVersionDate "1994.03.01"]
[SourceQuality "1"]
[WhiteTeam "Cuba"]
[BlackTeam "China"]
[WhiteTeamCountry "CUB"]
[BlackTeamCountry "CHN"]

1. d4 Nf6 2. Nf3 e6 3. c4 d5 4. Nc3 Be7 5. Bg5 h6 6. Bxf6 Bxf6 7. e3 0-0 8. Rc1 c6 9. Bd3 Nd7 10. 0-0 dxc4 11. Bxc4 e5 12. h3 exd4 13. exd4 Nb6 14. Bb3 Bf5 15. Re1 Qd7 16. Qd2 a5 17. a3 a4 18. Ba2 Rfe8 19. Rcd1 Rxe1+ 20. Rxe1 Re8 21. Rxe8+ Qxe8 22. Qd1 Qd8 23. Nxa4 Be4 24. Nc5 Bxf3 25. Qxf3 Qxd4 26. Qb3 Nd5 27. Nxb7 Qd2 28. g3 Bxb2 29. Qf3 Nf6 30. Kg2 Bd4 31. Bc4 Bb6 32. a4 Qd4 33. Qf4 Qd7 34. Qb8+ Kh7 35. a5 Bxf2 36. Qd6 Qxb7 37. Bd3+ Kh8 38. Qd8+ Ng8 39. Kxf2 Qb2+ 40. Be2 Kh7 41. a6 Nf6 42. a7 Ne4+ 43. Ke3 f5 44. a8Q Qc3+ 45. Kf4 Qc1+ 46. Kxf5 Nxg3+ 47. Kg4 h5+ 48. Kxg3 Qe3+ 49. Bf3 Qg1+ 50. Kf4 Qc1+ 51. Ke5 Qc5+ 52. Ke6 Qe3+ 53. Kd7 1-0

[Event "Olympiad-27"]
[Site "Dubai"]
[Date "1986.11.17"]
[Round "3"]
[White "Li, Zunian"]
[Black "Garcia Palermo, Carlos H"]
[Result "1/2-1/2"]
[WhiteElo "2270"]
[BlackElo "2515"]
[PlyCount "31"]
[EventDate "1986.11.15"]
[EventType "team-swiss"]
[EventRounds "14"]
[EventCountry "UAE"]
[SourceTitle "TD"]
[Source "ChessBase"]
[SourceDate "1994.03.01"]
[SourceVersion "1"]
[SourceVersionDate "1994.03.01"]
[SourceQuality "1"]
[WhiteTeam "China"]
[BlackTeam "Argentina"]
[WhiteTeamCountry "CHN"]
[BlackTeamCountry "ARG"]

1. d4 d5 2. c4 dxc4 3. Nf3 c5 4. e3 e6 5. Bxc4 a6 6. a4 Nf6 7. 0-0 Nc6 8. Qe2 cxd4 9. Rd1 Be7 10. exd4 0-0 11. Nc3 Nd5 12. Qe4 Nf6 13. Qh4 Nd5 14. Qe4 Nf6 15. Qh4 Nd5 16. Qe4 1/2-1/2

[Event "Olympiad-27"]
[Site "Dubai"]
[Date "1986.11.16"]
[Round "2"]
[White "Li, Zunian"]
[Black "Beitar, Hanni"]
[Result "1-0"]
[WhiteElo "2270"]
[BlackElo "2255"]
[PlyCount "91"]
[EventDate "1986.11.15"]
[EventType "team-swiss"]
[EventRounds "14"]
[EventCountry "UAE"]
[SourceTitle "TD"]
[Source "ChessBase"]
[SourceDate "1994.03.01"]
[SourceVersion "1"]
[SourceVersionDate "1994.03.01"]
[SourceQuality "1"]
[WhiteTeam "China"]
[BlackTeam "Syria"]
[WhiteTeamCountry "CHN"]
[BlackTeamCountry "SYR"]

1. d4 Nf6 2. Nf3 g6 3. g3 Bg7 4. Bg2 c5 5. 0-0 0-0 6. c4 cxd4 7. Nxd4 Nc6 8. Nc3 Qa5 9. Nb3 Qb4 10. c5 a5 11. Bg5 e6 12. a3 Qg4 13. Bf4 e5 14. h3 Qe6 15. Bg5 Rb8 16. Nb5 h6 17. Nc7 Qe7 18. Nd5 Qe6 19. Nxf6+ Bxf6 20. Bxh6 Rd8 21. Qd6 Qxd6 22. cxd6 b6 23. a4 Ba6 24. Rfe1 Rbc8 25. Rac1 Nd4 26. Nxd4 exd4 27. Rc7 Rxc7 28. dxc7 Rc8 29. Bf4 Be7 30. h4 Kf8 31. Rd1 Bc5 32. e3 dxe3 33. fxe3 Ke7 34. Bh3 f5 35. Kf2 d6 36. Bg5+ Ke6 37. Bd8 Bb7 38. g4 Be4 39. gxf5+ gxf5 40. h5 Kf7 41. Ke2 d5 42. Rf1 Be7 43. Bxf5 Bxf5 44. Rxf5+ Ke6 45. Bxe7 Kxf5 46. Bd8 1-0

[Event "World Team-ch01"]
[Site "Luzern"]
[Date "1985.11.20"]
[Round "4.2"]
[White "Hmadi, Slaheddine"]
[Black "Li, Zunian"]
[Result "1/2-1/2"]
[WhiteElo "2285"]
[BlackElo "2455"]
[PlyCount "71"]
[EventDate "1985.11.16"]
[EventType "team-tourn"]
[EventRounds "9"]
[EventCountry "SUI"]
[SourceTitle "MCD"]
[Source "ChessBase"]
[SourceDate "1999.07.01"]
[SourceVersion "1"]
[SourceVersionDate "1999.07.01"]
[SourceQuality "1"]
[WhiteTeam "Africa"]
[BlackTeam "China"]
[BlackTeamCountry "CHN"]

1. e4 c5 2. Nf3 e6 3. d4 cxd4 4. Nxd4 Nf6 5. Nc3 Nc6 6. Ndb5 d6 7. Bf4 e5 8. Bg5 a6 9. Na3 b5 10. Bxf6 gxf6 11. Nd5 f5 12. c3 Bg7 13. exf5 Bxf5 14. Nc2 Be6 15. Nce3 Ne7 16. g3 Nxd5 17. Nxd5 0-0 18. Bg2 Rb8 19. 0-0 a5 20. Qd2 Qd7 21. Rad1 f5 22. f4 e4 23. Bh1 Kh8 24. Ne3 Bxa2 25. Ra1 Bc4 26. Nxc4 bxc4 27. Rxa5 Rb3 28. Rfa1 Qb7 29. Qxd6 Rxb2 30. h4 Rb1+ 31. Rxb1 Qxb1+ 32. Kh2 Qd3 33. Qe6 Rg8 34. Rxf5 e3 35. Re5 Bxe5 36. Qxe5+ 1/2-1/2